Sistema Nacional de Innovacion / (Registro nro. 20113)

Detalles MARC
000 -CABECERA
Longitud fija campo de control 00775nam a2200229 a 4500
003 - • IDENTIFICADOR DELl NÚMERO DE CONTROL
Identificador del número de control CO-ViMGA
008 - • CÓDIGOS DE INFORMACIÓN DE LONGITUD FIJA
Códigos de información de longitud fija 141112s2004 ck r 000 u spa d
040 ## - FUENTE DE LA CATALOGACIÓN
Centro catalogador de origen CO-ViMGA
Lengua de catalogación spa
Centro transcriptor CO-ViMGA
082 04 - • NÚMERO DE LA CLASIFICACIÓN DECIMAL DEWEY
Número de clasificación (R) 658.57 P17s
100 1# - • PUNTO DE ACCESO PRINCIPAL-NOMBRE DE PERSONA
Nombre de persona Parisca, Simon A.
245 10 - • TITULO PROPIAMENTE DICHO
Título Sistema Nacional de Innovacion /
Mención de responsabilidad, etc. Parisca Simon A.
300 ## - • DESCRIPCIÓN FÍSICA
Extensión 72 p. il.
490 ## - • MENCIÓN DE SERIE
Mención de serie Programa Nacional de Gerencia de Ciencia y Tecnologia
500 ## - • NOTA GENERAL
Nota general Modulo 1/16.
590 ## - NOTAS LOCALES
Nota local Forma de adquisición : donacion - - Proveedor : Red Nacional De Bibliotecas Publicas - - Ejemplares : 2
650 14 - • PUNTO DE ACCESO ADICIONAL DE MATERIA - TÉRMINO DE MATERIA
Término de materia o nombre geográfico como elemento inicial ciencia y tecnologia
650 14 - • PUNTO DE ACCESO ADICIONAL DE MATERIA - TÉRMINO DE MATERIA
Término de materia o nombre geográfico como elemento inicial Investigación Industrial
650 14 - • PUNTO DE ACCESO ADICIONAL DE MATERIA - TÉRMINO DE MATERIA
Término de materia o nombre geográfico como elemento inicial Tecnologia - innovaciones
942 ## - ENTRADA DE ELEMENTOS AGREGADOS (KOHA)
Fuente de clasificaión o esquema Dewey Decimal Classification
Koha [por defecto] tipo de item LIbro
Existencias
Perdido Fuente de clasificación o esquema Estado Físico No para préstamo Forma de adquisición Localización permanente Localización actual Fecha adquisición Serie de enumeración / cronolog&íacute;a Préstamos totales Signatura completa Código de barras Fecha última consulta Número de copia Fecha del precio de reemplazo Tipo de item de Koha Identificador uniforme de recurso
  Dewey Decimal Classification     Sala Especializada Tercer Piso Biblioteca Pública Germán Arciniegas - Villavicencio Biblioteca Pública Germán Arciniegas - Villavicencio 12/04/2015 Volumen. 1 | 11/jun/2009   658.57 P17s 010205 12/04/2015 Ej. 1 12/04/2015 LIbro  
  Dewey Decimal Classification     Sala Especializada Tercer Piso Biblioteca Pública Germán Arciniegas - Villavicencio Biblioteca Pública Germán Arciniegas - Villavicencio 12/04/2015 Volumen. 1 | 11/jun/2009   658.57 P17s 010204 07/26/2016 Ej. 2 12/04/2015 LIbro 010204









Instituto Departamental de Cultura del Meta - Red Departamental de Bibliotecas Públicas del Meta.